00958nam a2200265 a 450000500170000000800410001704000250005804100080008304400070009109000130009810000370011124500890014826000460023730000080028365000290029165000140032065000310033466200550036570000290042070000260044970000300047594200130050599900150051895201590053320160825170356.0140304b1993 ck |||||rm||| 00| 0 spa d aCO-BoIAVHcCO-BoIAVH aspa ack aTEb0045 aFernández de Castro, Margarita aValoración económica del bosque de manglar en la Ciénaga Grande de Santa Marta aBarranquillabUniversidad del Nortec1993 a115 aValoración económica aManglares aAspectos socioeconómicos aColombiacCiénaga Grande de Santa Marta (Caribe) aGarcía Portillo, Amira aPardo Pardo, Patricia aPertuz Cantillo, Fernando cTESIS2z c2209d2209 00102z40708TESISIINV2017aBogotabBogotad2001-04-25eSamper, Cristiánl0oTE-0045p002773r2012-12-04 00:00:00tEj. 1w2012-12-04xDonacionyTESIS